000 00724nam a2200193 a 4500
005 20230520063846.0
008 050222s2003 mx r 000 0 spa d
020 _a9686019847
035 _aUPN01000137573
049 _aCG
050 4 _aLA429 Z3
_bE5.7
245 0 0 _aEntre la tradición y la novedad :
_bla educación y la formación de hombres "nuevos" en Zacatecas en el siglo XIX /
_ccoords. Sonia Pérez Toledo, René Amaro Peñaflores.
260 _aMéxico :
_bUniversidad Autónoma de Zacatecas :
_bUAM,
_c2003.
300 _a170 p.
650 4 _aEDUCACION -
_zZACATECAS -
_xHISTORIA
_98679
650 2 _aEducación
_zMéxico
_xHistoria
_ySiglo XIX
_912878
700 1 _aPérez Toledo, Sonia,
_ecoord.
905 _aLibro
999 _c109724
_d109724